[Event "GER-chT U20"]
[Site "Osnabrueck"]
[Date "2018.12.28"]
[Round "4.2"]
[White "Muehlpfordt, Thomas"]
[Black "Kania, Markus"]
[Result "1/2-1/2"]
[WhiteElo "1927"]
[BlackElo "1830"]
[PlyCount "84"]
[EventDate "2018.12.27"]
[EventType "team-swiss"]
[EventRounds "7"]
[EventCountry "GER"]
[SourceTitle "CBM 188 Extra"]
[Source "ChessBase"]
[SourceDate "2019.02.26"]
[SourceVersion "1"]
[SourceVersionDate "2019.02.26"]
[SourceQuality "1"]
[WhiteTeam "Lambsheim"]
[BlackTeam "Saalfeld"]
[WhiteTeamCountry "GER"]
[BlackTeamCountry "GER"]

1. e4 c5 2. Nf3 Nc6 3. Nc3 e6 4. d4 cxd4 5. Nxd4 Nf6 6. Ndb5 d6 7. Bf4 e5 8. Bg5 a6 9. Na3 b5 10. Nd5 Be7 11. Bxf6 Bxf6 12. c3 0-0 13. Nc2 Bg5 14. a4 bxa4 15. Rxa4 a5 16. Bc4 Rb8 17. b3 Kh8 18. Nce3 Be6 19. h4 Bxe3 20. Nxe3 Qc7 21. 0-0 Rfd8 22. Nd5 Qb7 23. Qd3 g6 24. h5 f5 25. hxg6 hxg6 26. Qh3+ Kg7 27. Qh4 Qf7 28. exf5 Qxf5 29. Ne7 Nxe7 30. Qxe7+ Bf7 31. Qxf7+ Qxf7 32. Bxf7 Kxf7 33. Rb1 Rdc8 34. c4 Rc5 35. Kf1 d5 36. cxd5 Rxd5 37. Ke2 Kf6 38. Rba1 Rxb3 39. Rxa5 Rb2+ 40. Ke3 Rb3+ 41. Ke2 Rb2+ 42. Ke3 Rb3+ 1/2-1/2

[Event "GER-chT U16"]
[Site "Lingen"]
[Date "2015.12.29"]
[Round "5.1"]
[White "Kania, Markus"]
[Black "Fieberg, Samuel"]
[Result "0-1"]
[WhiteElo "1854"]
[BlackElo "2181"]
[PlyCount "124"]
[EventDate "2015.12.27"]
[EventType "team-swiss"]
[EventRounds "7"]
[EventCountry "GER"]
[SourceTitle "EXT 2017"]
[Source "ChessBase"]
[SourceDate "2016.10.25"]
[SourceVersion "1"]
[SourceVersionDate "2016.10.25"]
[SourceQuality "1"]
[WhiteTeam "Saalfeld"]
[BlackTeam "Porz SG"]
[WhiteTeamCountry "GER"]
[BlackTeamCountry "GER"]

1. Nf3 d5 2. d4 Nf6 3. c4 c6 4. cxd5 cxd5 5. Nc3 Nc6 6. Bf4 e6 7. e3 Be7 8. Be2 0-0 9. 0-0 Nh5 10. Bg3 Nxg3 11. hxg3 a6 12. a3 Bd7 13. Rc1 b5 14. b4 Qb6 15. Nd2 Nd8 16. Nb3 Nb7 17. Nc5 Bc6 18. Bf3 Nd6 19. Ne2 Nc4 20. Rc3 a5 21. Nf4 axb4 22. axb4 Ra2 23. Rc2 Rfa8 24. Qe2 Qa7 25. Nfd3 Bf6 26. Rd1 Rxc2 27. Qxc2 Qa2 28. Qxa2 Rxa2 29. Nc1 Rd2 30. N1b3 Rxd1+ 31. Bxd1 Bd8 32. Kf1 Kf8 33. Ke2 Ke7 34. Kd3 Bc7 35. Bf3 f5 36. Kc2 Nd6 37. Kd3 Ne4 38. Bxe4 dxe4+ 39. Kd2 Bd5 40. Nc1 Bc4 41. Ne2 Bd6 42. Nc3 h5 43. Ne2 g5 44. Ke1 Kf7 45. Nc3 Ke7 46. Ne2 Kf6 47. Nd7+ Kg7 48. Nc5 e5 49. dxe5 Bxe5 50. Nd4 Kg6 51. Nd7 Bg7 52. Nb6 Bd3 53. Nd7 f4 54. gxf4 gxf4 55. Ne6 Bc3+ 56. Kd1 f3 57. gxf3 h4 58. Ndc5 Be5 59. fxe4 Bc4 60. f4 h3 61. fxe5 h2 62. Nf4+ Kh6 0-1

[Event "GER-chT U16"]
[Site "Lingen"]
[Date "2015.12.29"]
[Round "6.1"]
[White "Ovsepyan, Arshak"]
[Black "Kania, Markus"]
[Result "1-0"]
[WhiteElo "2067"]
[BlackElo "1854"]
[PlyCount "79"]
[EventDate "2015.12.27"]
[EventType "team-swiss"]
[EventRounds "7"]
[EventCountry "GER"]
[SourceTitle "EXT 2017"]
[Source "ChessBase"]
[SourceDate "2016.10.25"]
[SourceVersion "1"]
[SourceVersionDate "2016.10.25"]
[SourceQuality "1"]
[WhiteTeam "Graefelfing"]
[BlackTeam "Saalfeld"]
[WhiteTeamCountry "GER"]
[BlackTeamCountry "GER"]

1. d4 Nf6 2. c4 g6 3. Nc3 d5 4. e3 Bg7 5. Qb3 c6 6. Nf3 0-0 7. Bd3 dxc4 8. Bxc4 b5 9. Be2 Bb7 10. 0-0 Qc7 11. Bd2 Nbd7 12. Rac1 a6 13. a4 Qb6 14. Rfd1 Rab8 15. e4 b4 16. Nb1 Nxe4 17. Qxb4 Nxd2 18. Qxd2 Rfc8 19. a5 Qa7 20. b4 e5 21. dxe5 Nxe5 22. Nxe5 Bxe5 23. Rc5 Re8 24. Bf3 Qa8 25. g3 Rbd8 26. Qc2 Bd6 27. Rc4 Re6 28. Nc3 Rde8 29. Ne4 Bf8 30. Nc5 Bxc5 31. Rxc5 Re5 32. Rd6 Qb8 33. Rxe5 Rxe5 34. Qd2 Re1+ 35. Kg2 Re8 36. Qd4 Qa8 37. Qb6 Rc8 38. Rd7 Rb8 39. Qc7 Bc8 40. Bxc6 1-0

[Event "GER-chT U16"]
[Site "Lingen"]
[Date "2015.12.28"]
[Round "3.1"]
[White "Kania, Markus"]
[Black "Boehning, Kilian"]
[Result "0-1"]
[WhiteElo "1854"]
[BlackElo "2013"]
[PlyCount "66"]
[EventDate "2015.12.27"]
[EventType "team-swiss"]
[EventRounds "7"]
[EventCountry "GER"]
[SourceTitle "EXT 2017"]
[Source "ChessBase"]
[SourceDate "2016.10.25"]
[SourceVersion "1"]
[SourceVersionDate "2016.10.25"]
[SourceQuality "1"]
[WhiteTeam "Saalfeld"]
[BlackTeam "Hagen"]
[WhiteTeamCountry "GER"]
[BlackTeamCountry "GER"]

1. Nf3 g6 2. d4 Bg7 3. c4 Nf6 4. g3 0-0 5. Bg2 c6 6. 0-0 d5 7. cxd5 Nxd5 8. Nc3 Nd7 9. Nxd5 cxd5 10. Bf4 Nb6 11. Rc1 Nc4 12. b3 Nd6 13. Ne5 e6 14. Qc2 g5 15. Bd2 f6 16. Nd3 Rf7 17. Bb4 Nb5 18. e3 a5 19. a4 axb4 20. axb5 Bf8 21. Qd2 Qb6 22. Nxb4 Qa5 23. Ra1 Qxa1 24. Rxa1 Rxa1+ 25. Bf1 Rc7 26. Nd3 b6 27. Kg2 Bd7 28. Qb2 Ra8 29. h4 gxh4 30. gxh4 Bxb5 31. Nf4 Rg7+ 32. Kf3 Bxf1 33. Nxe6 Bg2+ 0-1

[Event "GER-chT U16"]
[Site "Lingen"]
[Date "2015.12.27"]
[Round "1.1"]
[White "Kania, Markus"]
[Black "Gschnitzer, Adrian"]
[Result "1-0"]
[WhiteElo "1854"]
[BlackElo "2115"]
[PlyCount "63"]
[EventDate "2015.12.27"]
[EventType "team-swiss"]
[EventRounds "7"]
[EventCountry "GER"]
[SourceTitle "EXT 2017"]
[Source "ChessBase"]
[SourceDate "2016.10.25"]
[SourceVersion "1"]
[SourceVersionDate "2016.10.25"]
[SourceQuality "1"]
[WhiteTeam "Saalfeld"]
[BlackTeam "Walldorf"]
[WhiteTeamCountry "GER"]
[BlackTeamCountry "GER"]

1. Nf3 Nf6 2. d4 d5 3. c4 e6 4. cxd5 exd5 5. Nc3 Nbd7 6. Bg5 c6 7. e3 Be7 8. Bd3 Nh5 9. Bxe7 Qxe7 10. 0-0 0-0 11. Qc2 g6 12. Rab1 f5 13. b4 a6 14. a4 Ndf6 15. b5 axb5 16. axb5 Ne4 17. Ne5 Nxc3 18. Qxc3 Ra3 19. Qc2 cxb5 20. Rxb5 Nf6 21. Rc5 Qe6 22. Rc1 Ra8 23. Rc7 Rb8 24. Qc5 Bd7 25. Nxd7 Nxd7 26. Qb4 f4 27. exf4 Rxf4 28. Re1 Qg4 29. Qd6 Rxf2 30. Qxd5+ Rf7 31. Bc4 Rbf8 32. Rxd7 1-0

[Event "GER-chT U16"]
[Site "Lingen"]
[Date "2015.12.27"]
[Round "2.1"]
[White "Schnabel, Bennett"]
[Black "Kania, Markus"]
[Result "0-1"]
[WhiteElo "2027"]
[BlackElo "1854"]
[PlyCount "66"]
[EventDate "2015.12.27"]
[EventType "team-swiss"]
[EventRounds "7"]
[EventCountry "GER"]
[SourceTitle "EXT 2017"]
[Source "ChessBase"]
[SourceDate "2016.10.25"]
[SourceVersion "1"]
[SourceVersionDate "2016.10.25"]
[SourceQuality "1"]
[WhiteTeam "Berlin Mattnetz"]
[BlackTeam "Saalfeld"]
[WhiteTeamCountry "GER"]
[BlackTeamCountry "GER"]

1. e4 c5 2. Nf3 Nc6 3. d4 cxd4 4. Nxd4 e6 5. Nc3 Nf6 6. Ndb5 d6 7. Bg5 a6 8. Nd4 Be7 9. Be2 Qa5 10. Nxc6 bxc6 11. Bd2 Qc7 12. 0-0 0-0 13. Be3 d5 14. Bf3 Rd8 15. exd5 exd5 16. Ne2 Ng4 17. Bxg4 Bxg4 18. f3 Bf5 19. Nd4 Bg6 20. f4 Be4 21. Nb3 c5 22. Nd2 Bf5 23. g4 d4 24. Bf2 Bc8 25. Bg3 Bb7 26. Nf3 Bd6 27. Qd2 Re8 28. Rae1 Rxe1 29. Nxe1 Re8 30. Ng2 Qc6 31. Qf2 c4 32. Rd1 d3 33. Kh1 Re2 0-1

[Event "GER-ch U10"]
[Site "Willingen"]
[Date "2009.06.01"]
[Round "4"]
[White "Kania, Markus"]
[Black "Schneider, Jana"]
[Result "1-0"]
[WhiteElo "1178"]
[BlackElo "886"]
[PlyCount "51"]
[EventDate "2009.05.30"]
[EventType "swiss"]
[EventRounds "11"]
[EventCountry "GER"]
[SourceTitle "EXT 2010"]
[Source "ChessBase"]
[SourceDate "2010.11.25"]
[SourceVersion "1"]
[SourceVersionDate "2010.11.25"]
[SourceQuality "1"]

1. d4 d5 2. e3 Nc6 3. Bd3 Nf6 4. f4 Bg4 5. Nf3 e6 6. Nbd2 Bd6 7. h3 Bxf3 8. Nxf3 Qe7 9. 0-0 0-0 10. Ne5 Rad8 11. g4 Nd7 12. g5 Rfe8 13. Qh5 h6 14. gxh6 gxh6 15. Rf2 Qf6 16. Rg2+ Kf8 17. Ng6+ fxg6 18. Rxg6 Qh8 19. Rxh6 Qg8+ 20. Rg6 Qf7 21. Qh6+ Ke7 22. Rg7 Nb4 23. Bg6 Rf8 24. Qh7 Qxg7 25. Qxg7+ Rf7 26. Qxf7# 1-0

[Event "GER-ch U10"]
[Site "Willingen"]
[Date "2009.05.30"]
[Round "1"]
[White "Kania, Markus"]
[Black "Duerr, Florian"]
[Result "0-1"]
[WhiteElo "1178"]
[BlackElo "1649"]
[PlyCount "104"]
[EventDate "2009.05.30"]
[EventType "swiss"]
[EventRounds "11"]
[EventCountry "GER"]
[SourceTitle "EXT 2010"]
[Source "ChessBase"]
[SourceDate "2010.11.25"]
[SourceVersion "1"]
[SourceVersionDate "2010.11.25"]
[SourceQuality "1"]

1. d4 e6 2. Nf3 Nf6 3. e3 b6 4. Bd3 Bb7 5. Nbd2 Be7 6. e4 d6 7. 0-0 c5 8. c3 Nc6 9. Bb5 0-0 10. Bxc6 Bxc6 11. e5 dxe5 12. dxe5 Nd5 13. c4 Nb4 14. a3 Nd3 15. Qe2 Nxc1 16. Raxc1 Qc7 17. Rcd1 Rad8 18. Ne4 Ba4 19. Rxd8 Rxd8 20. Qe3 Qd7 21. b3 Bc6 22. a4 Qd3 23. Qxd3 Rxd3 24. Nfd2 Bxe4 25. Nxe4 Rxb3 26. Rd1 Kf8 27. Nd6 Bxd6 28. exd6 Ke8 29. Kf1 Rb4 30. a5 Kd7 31. axb6 axb6 32. Ke2 Rxc4 33. Ke3 Rd4 34. Rxd4 cxd4+ 35. Kxd4 Kxd6 36. f4 f6 37. Kc4 e5 38. fxe5+ fxe5 39. Kd3 Kd5 40. g4 b5 41. h4 b4 42. g5 e4+ 43. Kc2 e3 44. Kc1 b3 45. Kd1 b2 46. Kc2 e2 47. Kxb2 e1Q 48. h5 Kc4 49. h6 Qc3+ 50. Ka2 Qb3+ 51. Ka1 Kc3 52. hxg7 Qb2# 0-1